Observational astrophysics (Record no. 11243)
[ view plain ]
| 000 -LEADER | |
|---|---|
| fixed length control field | 00567nam a2200193Ia 4500 |
| 003 - CONTROL NUMBER IDENTIFIER | |
| control field | IN-BaIIA |
| 008 - FIXED-LENGTH DATA ELEMENTS--GENERAL INFORMATION | |
| fixed length control field | 211028s9999 xx 000 0 eng d |
| 020 ## - INTERNATIONAL STANDARD BOOK NUMBER | |
| International Standard Book Number | 3-540-18433-3 |
| 040 ## - CATALOGING SOURCE | |
| Transcribing agency | IIA Library |
| 080 ## - UNIVERSAL DECIMAL CLASSIFICATION NUMBER | |
| Universal Decimal Classification number | 52-13 |
| Item number | LEN |
| 100 ## - MAIN ENTRY--PERSONAL NAME | |
| Personal name | lena, Pierre |
| 9 (RLIN) | 15572 |
| 245 #0 - TITLE STATEMENT | |
| Title | Observational astrophysics |
| Statement of responsibility, etc. | Pierre lena |
| 260 ## - PUBLICATION, DISTRIBUTION, ETC. | |
| Place of publication, distribution, etc. | Berlin |
| Name of publisher, distributor, etc. | Springer-Verlag |
| Date of publication, distribution, etc. | 1988 |
| 300 ## - PHYSICAL DESCRIPTION | |
| Extent | xii, 328p. |
| 650 ## - SUBJECT ADDED ENTRY--TOPICAL TERM | |
| Topical term or geographic name entry element | Astronomy and astrophysics thesaurus |
| 650 ## - SUBJECT ADDED ENTRY--TOPICAL TERM | |
| Topical term or geographic name entry element | Astrophysics |
| 9 (RLIN) | 794 |
| 650 ## - SUBJECT ADDED ENTRY--TOPICAL TERM | |
| Topical term or geographic name entry element | Observations |
| 9 (RLIN) | 977 |
| 942 ## - ADDED ENTRY ELEMENTS (KOHA) | |
| Koha item type | Books |
| Withdrawn status | Lost status | Damaged status | Not for loan | Home library | Current library | Shelving location | Date acquired | Cost, normal purchase price | Total Checkouts | Full call number | Barcode | Date last seen | Date last checked out | Cost, replacement price | Price effective from | Koha item type | Purchase Price |
|---|---|---|---|---|---|---|---|---|---|---|---|---|---|---|---|---|---|
| IIA Library-Bangalore | IIA Library-Bangalore | General Stacks | 13/03/1995 | 2289.60 | 1 | 52-13/ LEN | 12158 | 07/04/2026 | 19/02/2026 | 2289.60 | 13/03/1995 | Books | Rs. 2289.60 |